| 000 | 00410nam a22001457a 4500 | ||
|---|---|---|---|
| 999 |
_c524708 _d524708 |
||
| 003 | NUST | ||
| 038 | _aMr.Zahoor | ||
| 082 | _a621.3 | ||
| 100 |
_aQasim Ali Khan _915501 |
||
| 245 |
_aDetection and Classification of Pilots Cognitive State using EEG / _cQasim Ali Khan |
||
| 300 |
_ax, 40 p. : ill. ; _c30cm. |
||
| 500 | _aHardcover. | ||
| 600 | _2Computer System Engineering - MS Thesis | ||
| 942 |
_2ddc _cTHE |
||